[Event "Meesterklasse 2014-2015"]
[Site "?"]
[Date "2014.11.01"]
[Round "2.5"]
[White "Carlier, Bruno"]
[Black "Dardha, Arben"]
[Result "1-0"]
[WhiteElo "2454"]
[BlackElo "2304"]
[PlyCount "65"]
[EventDate "2014.??.??"]
[EventCountry "NED"]
[WhiteTeam "Pathena Rotterdam VIII"]
[BlackTeam "Charlois Europoort V"]
[WhiteTeamCountry "NED"]
[BlackTeamCountry "NED"]
[WhiteClock "0:06:26"]
[BlackClock "0:01:28"]

1. e4 c5 2. Nf3 Nc6 3. Bb5 g6 4. Bxc6 dxc6 5. d3 Bg7 6. O-O Nf6 7. Nc3 Bg4 8.
h3 Bxf3 9. Qxf3 Nd7 10. Qe2 e5 11. Be3 Qe7 12. a3 O-O 13. Qd2 Rfd8 14. b4 b5
15. Na2 Bf8 16. Qc3 Rac8 17. Rfb1 a6 18. Nc1 c4 19. dxc4 Qh4 20. f3 Nb6 21.
Bxb6 Rd1+ 22. Kh2 Qf4+ 23. g3 Rd2+ 24. Kh1 Qh6 25. h4 c5 26. Nb3 Re2 27. Bxc5
Bxc5 28. bxc5 Re3 29. Qxe5 Rxf3 30. Nd4 Rf2 31. Rf1 Qd2 32. Rxf2 Qxf2 33. c6
1-0

[Event "Meesterklasse 2014-2015"]
[Site "?"]
[Date "2014.11.01"]
[Round "2.5"]
[White "Meissner, Felix"]
[Black "Jens, Jelmer"]
[Result "1/2-1/2"]
[WhiteElo "2251"]
[BlackElo "2370"]
[PlyCount "48"]
[EventDate "2014.??.??"]
[EventCountry "NED"]
[WhiteTeam "SISSA IX"]
[BlackTeam "Utrecht IV"]
[WhiteTeamCountry "NED"]
[BlackTeamCountry "NED"]

1. e4 c5 2. Nf3 d6 3. d4 cxd4 4. Nxd4 Nf6 5. f3 e5 6. Bb5+ Nbd7 7. Nf5 d5 8.
exd5 a6 9. Ba4 b5 10. Bb3 Nc5 11. Ne3 Nxb3 12. axb3 Bc5 13. Nc3 Bb7 14. Qd3 O-O
15. Bd2 Bd4 16. Nf5 Bxc3 17. bxc3 Nxd5 18. O-O Qc7 19. Rfe1 Rac8 20. c4 bxc4
21. bxc4 Qxc4 22. Rxe5 Qxd3 23. cxd3 Rc2 24. Rd1 Rc7 1/2-1/2

[Event "Meesterklasse 2014-2015"]
[Site "?"]
[Date "2014.11.01"]
[Round "2.5"]
[White "Schoorl, Rob"]
[Black "Van Haastert, Edwin"]
[Result "1/2-1/2"]
[WhiteElo "2315"]
[BlackElo "2434"]
[PlyCount "45"]
[EventDate "2014.??.??"]
[EventCountry "NED"]
[WhiteTeam "HMC Calder VII"]
[BlackTeam "LSG VI"]
[WhiteTeamCountry "NED"]
[BlackTeamCountry "NED"]

{600MB, Fritz11.ctg} 1. e4 e5 2. Nf3 Nf6 3. Nxe5 d6 4. Nf3 Nxe4 5. d4 d5 6. Bd3
Nc6 7. O-O Be7 8. Nc3 Nxc3 9. bxc3 O-O 10. h3 Be6 11. Re1 Qd7 12. Rb1 Rab8 13.
Bf4 a6 14. Nd2 Na5 15. Qh5 g6 16. Qh6 Bd6 17. Bxd6 cxd6 18. Nf3 f6 19. Bxg6
hxg6 20. Qxg6+ Kh8 21. Qh6+ Kg8 22. Qg6+ Kh8 23. Qh6+ 1/2-1/2

[Event "Meesterklasse 2014-2015"]
[Site "?"]
[Date "2014.11.01"]
[Round "2.5"]
[White "Wantola, Ivo"]
[Black "Van der Heijden, Ton"]
[Result "1/2-1/2"]
[WhiteElo "2349"]
[BlackElo "2304"]
[PlyCount "70"]
[EventDate "2014.??.??"]
[EventCountry "NED"]
[WhiteTeam "Voerendaal X"]
[BlackTeam "BSG II"]
[WhiteTeamCountry "NED"]
[BlackTeamCountry "NED"]

1. Nf3 Nf6 2. c4 g6 3. Nc3 Bg7 4. e4 d6 5. d4 O-O 6. h3 c5 7. Be3 cxd4 8. Nxd4
b6 9. g4 Bb7 10. Bg2 Nfd7 11. h4 Nc6 12. Nxc6 Bxc6 13. h5 Ne5 14. hxg6 fxg6 15.
Qe2 Qd7 16. f3 a6 17. Nd5 Bxd5 18. cxd5 Rac8 19. O-O Qb5 20. Qxb5 axb5 21. Bg5
Rc7 22. Rac1 Rxc1 23. Rxc1 Nxf3+ 24. Bxf3 Rxf3 25. Kg2 Rd3 26. Bxe7 Be5 27. g5
Re3 28. Rc6 Rxe4 29. Rxb6 Kf7 30. Bxd6 Bxd6 31. Rxd6 Rg4+ 32. Kf3 Rxg5 33. Rd7+
Kf6 34. Rxh7 Rxd5 35. Rb7 Kf5 1/2-1/2

[Event "Meesterklasse 2014-2015"]
[Site "?"]
[Date "2014.11.01"]
[Round "2.6"]
[White "Bosboom, Manuel"]
[Black "Pel, Bonno"]
[Result "0-1"]
[WhiteElo "2426"]
[BlackElo "2282"]
[PlyCount "160"]
[EventDate "2014.??.??"]
[EventCountry "NED"]
[WhiteTeam "En Passant III"]
[BlackTeam "Groninger Combinatie"]
[WhiteTeamCountry "NED"]
[BlackTeamCountry "NED"]

1. b3 d6 2. Bb2 Nf6 3. e3 g6 4. f4 Bg7 5. Nf3 O-O 6. Be2 e5 7. fxe5 Ng4 8. O-O
Nc6 9. Nc3 Ncxe5 10. Nxe5 Nxe5 11. d4 Nc6 12. Bc4 Bf5 13. Rxf5 gxf5 14. Qh5 Ne7
15. Rf1 c5 16. Rf3 d5 17. Rh3 h6 18. Bd3 Rc8 19. Rg3 Rc6 20. Rxg7+ Kxg7 21.
dxc5 f6 22. Ne2 Qa5 23. Qh4 Re6 24. Bd4 Qd2 25. Qg3+ Kf7 26. Nf4 Qd1+ 27. Kf2
Qg4 28. Nxe6 Qxg3+ 29. Kxg3 Kxe6 30. b4 Rg8+ 31. Kf2 Nc6 32. c3 Ne5 33. Bc2 h5
34. h3 h4 35. a4 a5 36. b5 Rc8 37. g3 hxg3+ 38. Kxg3 Rg8+ 39. Kf2 Nc4 40. h4
Rg4 41. b6 Ne5 42. h5 Rg8 43. Bd1 Rc8 44. Be2 Nd7 45. c4 Nxc5 46. cxd5+ Kxd5
47. Kf3 Nxa4 48. Kf4 Nc3 49. Bf3+ Ke6 50. h6 Ne4 51. Bd1 Nd2 52. Bh5 Nb3 53.
Bb2 Rc4+ 54. Kg3 Nc5 55. h7 Ne4+ 56. Kg2 Rc8 57. Bd1 Kf7 58. Kf3 Rd8 59. Bd4
Ng5+ 60. Kf4 Kg6 61. Bb3 Nxh7 62. Be6 Nf8 63. Bxf5+ Kf7 64. Bc3 a4 65. Bb1 Ne6+
66. Kf5 Rd5+ 67. Ke4 Rb5 68. Ba2 Rxb6 69. Kd5 Rc6 70. Bb4 Kg6 71. Bb1+ Kg5 72.
Bd3 Nc7+ 73. Kd4 Ne6+ 74. Kd5 Kg4 75. Be2+ Kg3 76. Bd1 Nc7+ 77. Kd4 b5 78. Be7
Rc4+ 79. Kd3 Nd5 80. Bd6+ Kf2 0-1

[Event "Meesterklasse 2014-2015"]
[Site "?"]
[Date "2014.11.01"]
[Round "2.6"]
[White "De Groote, Ewoud"]
[Black "Driessens, Patrick"]
[Result "1/2-1/2"]
[WhiteElo "2334"]
[BlackElo "2309"]
[PlyCount "83"]
[EventDate "2014.??.??"]
[EventCountry "NED"]
[WhiteTeam "BSG II"]
[BlackTeam "Voerendaal X"]
[WhiteTeamCountry "NED"]
[BlackTeamCountry "NED"]

1. e4 e6 2. d4 d5 3. Nd2 Bd7 4. Ngf3 dxe4 5. Nxe4 Bc6 6. Ned2 Nf6 7. c3 Nbd7 8.
Nc4 Be7 9. Be2 O-O 10. O-O Bd5 11. Ne3 Be4 12. Nd2 Bg6 13. Bf3 c6 14. a4 e5 15.
Ndc4 e4 16. Be2 Qc7 17. f4 exf3 18. Bxf3 Rad8 19. g3 c5 20. d5 Nb6 21. Nxb6
axb6 22. Nc4 Bd6 23. Nxd6 Qxd6 24. Bf4 Qd7 25. c4 Ra8 26. Qb3 Ra6 27. Qb5 Qd8
28. b4 Ne4 29. Bxe4 Bxe4 30. bxc5 bxc5 31. Qxc5 f5 32. a5 Qf6 33. Ra2 h6 34.
Be3 Qc3 35. Qd4 Qxd4 36. Bxd4 Rc8 37. Ra4 Bd3 38. Rc1 b5 39. Rb4 Rxc4 40. Rcxc4
Bxc4 41. Bb6 Kf7 42. Kf2 1/2-1/2

[Event "Meesterklasse 2014-2015"]
[Site "?"]
[Date "2014.11.01"]
[Round "2.6"]
[White "De Wit, Michel"]
[Black "Kuijf, Marinus"]
[Result "0-1"]
[WhiteElo "2258"]
[BlackElo "2385"]
[PlyCount "144"]
[EventDate "2014.??.??"]
[EventCountry "NED"]
[WhiteTeam "Charlois Europoort V"]
[BlackTeam "Pathena Rotterdam VIII"]
[WhiteTeamCountry "NED"]
[BlackTeamCountry "NED"]
[WhiteClock "0:42:46"]
[BlackClock "0:19:53"]

1. e4 e6 2. d4 d5 3. Nd2 Be7 4. Bd3 c5 5. dxc5 Bxc5 6. Ngf3 Nf6 7. O-O Nc6 8.
c3 dxe4 9. Nxe4 Nxe4 10. Bxe4 Qxd1 11. Rxd1 f6 12. b4 Bb6 13. Bb2 e5 14. a3 Be6
15. a4 Bc7 16. b5 Na5 17. Ba3 Kf7 18. Bb4 Rab8 19. c4 Nxc4 20. Rac1 Rhc8 21.
Bxh7 Ba5 22. Bxa5 Nxa5 23. Nh4 Rxc1 24. Rxc1 Rc8 25. Bg6+ Ke7 26. Rd1 Nb3 27.
Kf1 Rc4 28. Nf5+ Bxf5 29. Bxf5 Nd4 30. Be4 b6 31. Ra1 Kd6 32. Ke1 Rb4 33. Bd3
f5 34. Kd2 Rb2+ 35. Kc3 Rxf2 36. a5 Kc5 37. axb6 axb6 38. Ra7 Rxg2 39. Rc7+ Kd6
40. Rb7 Kc5 41. Rc7+ Kd6 42. Rb7 Rxh2 43. Rxb6+ Kc5 44. Rb8 Rh3 45. Rc8+ Kb6
46. Kc4 Nxb5 47. Rb8+ Kc6 48. Rxb5 Rxd3 49. Rxe5 Rf3 50. Re6+ Kd7 51. Rg6 Ke7
52. Rxg7+ Kf6 53. Rg8 Ke5 54. Re8+ Kf4 55. Kd4 Ra3 56. Rf8 Kg4 57. Ke5 Re3+ 58.
Kd4 f4 59. Rf7 Kf3 60. Rf8 Re1 61. Rf7 Re8 62. Kd3 Rd8+ 63. Kc2 Ke3 64. Rf6 f3
65. Re6+ Kf2 66. Rg6 Rd5 67. Rg7 Kf1 68. Rf7 f2 69. Rg7 Ke2 70. Re7+ Kf3 71.
Rf7+ Kg3 72. Rf8 Rd4 0-1

[Event "Meesterklasse 2014-2015"]
[Site "?"]
[Date "2014.11.01"]
[Round "2.6"]
[White "Dijkhuis, Tycho"]
[Black "Van Foreest, Lucas"]
[Result "1/2-1/2"]
[WhiteElo "2319"]
[BlackElo "2303"]
[PlyCount "85"]
[EventDate "2014.??.??"]
[EventCountry "NED"]
[WhiteTeam "Utrecht IV"]
[BlackTeam "SISSA IX"]
[WhiteTeamCountry "NED"]
[BlackTeamCountry "NED"]

1. e4 e5 2. Nf3 Nc6 3. Bb5 a6 4. Ba4 Nf6 5. O-O Be7 6. Re1 b5 7. Bb3 d6 8. c3
O-O 9. h3 Na5 10. Bc2 c5 11. d4 Qc7 12. Nbd2 Bd7 13. Nf1 Rfe8 14. b3 Nc6 15. d5
Nd8 16. g4 h5 17. gxh5 Bxh3 18. Ne3 Nxh5 19. Nxe5 g6 20. N5g4 Bf8 21. Qf3 Bxg4
22. Nxg4 Bg7 23. Bg5 f6 24. e5 f5 25. exd6 Qd7 26. Rxe8+ Qxe8 27. Nh6+ Bxh6 28.
Bxh6 Nf7 29. Bf4 Nxf4 30. Qxf4 Qd7 31. Re1 Re8 32. Rxe8+ Qxe8 33. Qg3 Kh7 34.
a4 Qd7 35. axb5 axb5 36. Bd3 Kg7 37. Qe3 Qxd6 38. Bxb5 Qxd5 39. Bc4 Qd1+ 40.
Kg2 Qg4+ 41. Kf1 Qd1+ 42. Kg2 Qg4+ 43. Kf1 1/2-1/2

[Event "Meesterklasse 2014-2015"]
[Site "?"]
[Date "2014.11.01"]
[Round "2.6"]
[White "Sprenger, Jan Michael"]
[Black "Burg, Twan"]
[Result "1/2-1/2"]
[WhiteElo "2490"]
[BlackElo "2521"]
[PlyCount "157"]
[EventDate "2014.??.??"]
[EventCountry "NED"]
[WhiteTeam "LSG VI"]
[BlackTeam "HMC Calder VII"]
[WhiteTeamCountry "NED"]
[BlackTeamCountry "NED"]

1. e4 c5 2. Nf3 d6 3. d4 cxd4 4. Nxd4 Nf6 5. Nc3 a6 6. g3 e5 7. Nb3 Be7 8. Bg2
O-O 9. a4 Nbd7 10. O-O Nb6 11. Bg5 Be6 12. Nd2 d5 13. Bxf6 Bxf6 14. exd5 Nxd5
15. Nxd5 Bxd5 16. Ne4 Bc6 17. Qd6 Qxd6 18. Nxd6 Bxg2 19. Kxg2 Rfd8 20. Rfd1
Rab8 21. Rd5 Rbc8 22. c3 Rc7 23. Rad1 Be7 24. Nf5 Rxd5 25. Rxd5 Bf6 26. Rd6 Kf8
27. Kf3 Be7 28. Nxe7 Kxe7 29. Rb6 f5 30. h4 g6 31. h5 gxh5 32. Rh6 Rc4 33. Rxh5
Rxa4 34. Rxh7+ Ke6 35. Rxb7 Kd5 36. Ke3 Ra1 37. Rd7+ Ke6 38. Rd8 a5 39. c4 Re1+
40. Kd2 Rf1 41. Ke2 Rc1 42. b3 Rb1 43. Rd3 a4 44. bxa4 Ra1 45. c5 Rxa4 46. Rc3
Ra7 47. f3 Kd5 48. g4 Kc6 49. gxf5 Rf7 50. Ke3 Rxf5 51. Ke4 Rh5 52. Rc1 Rh3 53.
Rc2 Rh5 54. Rc3 Rg5 55. Rc1 Rh5 56. Rc2 Rh3 57. Rg2 Kxc5 58. Rg6 Rh5 59. Re6
Rh3 60. Rf6 Rh5 61. Re6 Rh3 62. Rg6 Rh5 63. Rf6 Rg5 64. Re6 Rg3 65. Rxe5+ Kd6
66. f4 Rg8 67. Kf5 Rf8+ 68. Kg5 Rg8+ 69. Kh6 Rf8 70. Re4 Kd5 71. Re5+ Kd6 72.
Re4 Kd5 73. Ra4 Ke6 74. Kg7 Rf7+ 75. Kg6 Rf6+ 76. Kg7 Rf7+ 77. Kg8 Rb7 78. Ra5
Kf6 79. Rc5 1/2-1/2

[Event "Meesterklasse 2014-2015"]
[Site "?"]
[Date "2014.11.01"]
[Round "2.7"]
[White "Mundorf, Johannes"]
[Black "Erwich, Frank"]
[Result "0-1"]
[WhiteElo "2229"]
[BlackElo "2315"]
[PlyCount "108"]
[EventDate "2014.??.??"]
[EventCountry "NED"]
[WhiteTeam "Voerendaal X"]
[BlackTeam "BSG II"]
[WhiteTeamCountry "NED"]
[BlackTeamCountry "NED"]

1. Nf3 Nf6 2. g3 b6 3. Bg2 Bb7 4. O-O e6 5. c4 Be7 6. d4 O-O 7. Nc3 Ne4 8. Qc2
Nxc3 9. Qxc3 c5 10. e3 Qc7 11. Rd1 d6 12. b3 Nd7 13. Bb2 Nf6 14. Ne1 Bxg2 15.
Nxg2 Qb7 16. d5 e5 17. Qc2 e4 18. Rf1 Rae8 19. f3 Bd8 20. Nh4 Qd7 21. fxe4 Nxe4
22. Nf5 f6 23. Qe2 g6 24. Nh6+ Kg7 25. Ng4 h5 26. Nf2 Nxf2 27. Qxf2 Qg4 28. Qf4
Qxf4 29. exf4 Re2 30. Rf2 Rfe8 31. Kf1 R2e3 32. Rd1 Kf7 33. Bc1 R3e4 34. Bd2 f5
35. Re1 Bf6 36. Rfe2 Bd4 37. Rxe4 fxe4 38. Ke2 Kf6 39. Be3 Kf5 40. h3 a6 41.
Bxd4 cxd4 42. Rd1 h4 43. gxh4 Rh8 44. Rxd4 Rxh4 45. Rd1 Rxh3 46. Rf1 Rh2+ 47.
Ke3 Rxa2 48. Rg1 Rb2 49. Rg5+ Kf6 50. Kxe4 Rxb3 51. Rg1 a5 52. Re1 a4 53. Kd4
a3 54. Re8 Kf5 0-1

[Event "Meesterklasse 2014-2015"]
[Site "?"]
[Date "2014.11.01"]
[Round "2.7"]
[White "Quist, Johan"]
[Black "Rihouay, Clement"]
[Result "1-0"]
[WhiteElo "2300"]
[BlackElo "2205"]
[PlyCount "103"]
[EventDate "2014.??.??"]
[EventCountry "NED"]
[WhiteTeam "Pathena Rotterdam VIII"]
[BlackTeam "Charlois Europoort V"]
[WhiteTeamCountry "NED"]
[BlackTeamCountry "NED"]
[WhiteClock "0:21:10"]
[BlackClock "0:20:17"]

1. c4 e5 2. g3 Nf6 3. Bg2 d5 4. cxd5 Nxd5 5. Nf3 Nc6 6. O-O Nb6 7. Nc3 Be7 8.
a3 a5 9. d3 O-O 10. Be3 Re8 11. Na4 Nxa4 12. Qxa4 Bd7 13. Qe4 Qc8 14. Rac1 f5
15. Qd5+ Be6 16. Qb5 a4 17. Nxe5 Ra5 18. Bxc6 Rxb5 19. Bxb5 Rf8 20. Bxa4 c6 21.
Bxc6 Qb8 22. Nd7 Bxd7 23. Bxd7 Bd6 24. f4 Kh8 25. Rc3 Qd8 26. Bb5 Qe7 27. d4 h6
28. Bc4 Qe4 29. Bb3 g6 30. Bc2 Qd5 31. Bf2 g5 32. e3 Kg7 33. Bd3 Re8 34. Rfc1
Kf6 35. Bf1 h5 36. Bg2 Qb5 37. R1c2 Kg6 38. Bf1 Qd5 39. Bg2 Qb5 40. Bf3 h4 41.
fxg5 h3 42. Be2 Qd7 43. Bf3 Kxg5 44. Rb3 Qa4 45. Rbc3 Qb5 46. Re2 Kf6 47. Rec2
Kg5 48. Be1 Kg6 49. Be2 Qd5 50. Bf1 Rh8 51. Rf2 Kg5 52. Bc4 1-0

[Event "Meesterklasse 2014-2015"]
[Site "?"]
[Date "2014.11.01"]
[Round "2.7"]
[White "Van der Stricht, Geert"]
[Black "Pijpers, Arthur"]
[Result "1-0"]
[WhiteElo "2365"]
[BlackElo "2353"]
[PlyCount "41"]
[EventDate "2014.??.??"]
[EventCountry "NED"]
[WhiteTeam "HMC Calder VII"]
[BlackTeam "LSG VI"]
[WhiteTeamCountry "NED"]
[BlackTeamCountry "NED"]

{600MB, Fritz11.ctg} 1. d4 e6 2. c4 c5 3. d5 exd5 4. cxd5 d6 5. e4 g6 6. Bd3
Bg7 7. Nf3 a6 8. h3 b5 9. a4 c4 10. Be2 Bb7 11. O-O Nf6 12. Nd4 Nxe4 13. Bf3
Ng5 14. Re1+ Kf8 15. Nc6 Nxf3+ 16. Qxf3 Qc8 17. Re7 f5 18. Bh6 Bxh6 19. Qc3
Nxc6 20. Qf6+ Kg8 21. Qf7# 1-0

[Event "Meesterklasse 2014-2015"]
[Site "?"]
[Date "2014.11.01"]
[Round "2.7"]
[White "Wempe, Joost"]
[Black "Vedder, Henk"]
[Result "1/2-1/2"]
[WhiteElo "2257"]
[BlackElo "2383"]
[PlyCount "136"]
[EventDate "2014.??.??"]
[EventCountry "NED"]
[WhiteTeam "Groninger Combinatie"]
[BlackTeam "En Passant III"]
[WhiteTeamCountry "NED"]
[BlackTeamCountry "NED"]

1. d4 e6 2. c4 Bb4+ 3. Nd2 c5 4. a3 Bxd2+ 5. Qxd2 cxd4 6. Nf3 Nf6 7. Nxd4 O-O
8. g3 d5 9. Bg2 e5 10. Nf3 e4 11. Nd4 dxc4 12. O-O Qd5 13. Rd1 Qh5 14. Qg5 Bg4
15. Qxh5 Bxh5 16. Bg5 Nbd7 17. Kf1 h6 18. Bf4 Nb6 19. Rac1 Rad8 20. Nb5 Nbd5
21. Nd6 Nxf4 22. gxf4 b5 23. Nxe4 Nxe4 24. Bxe4 Bg4 25. f5 Bh3+ 26. Ke1 Rde8
27. f3 Re5 28. a4 a6 29. Rd6 Bxf5 30. Bxf5 Rxf5 31. Rxa6 bxa4 32. Rxc4 Rb8 33.
Rc2 Rf4 34. Ra7 Rb5 35. Kf2 Rh5 36. Kg3 Rfh4 37. Rc8+ Kh7 38. Rxf7 Rh3+ 39. Kf4
R5h4+ 40. Ke3 Rxh2 41. Ra8 Rb4 42. Raa7 Rg2 43. Rfb7 Rc4 44. Kd3 Rc1 45. Kd2
Rc4 46. Kd3 Rc1 47. e4 Rd1+ 48. Ke3 Re1+ 49. Kf4 Ree2 50. Rxa4 Rxb2 51. Rxb2
Rxb2 52. Kf5 g6+ 53. Kf4 Rb7 54. e5 Kg7 55. Ke4 Kf7 56. Kd5 Rb5+ 57. Kd6 Rb6+
58. Kd7 Rb7+ 59. Kd6 Rb6+ 60. Kd5 Rb5+ 61. Ke4 Rb7 62. f4 h5 63. Ra6 Rb4+ 64.
Kf3 Rb3+ 65. Ke4 Rb4+ 66. Kf3 Rb3+ 67. Ke4 Rb4+ 68. Kf3 Rb3+ 1/2-1/2

[Event "Meesterklasse 2014-2015"]
[Site "?"]
[Date "2014.11.01"]
[Round "2.8"]
[White "Lecomte, Robin"]
[Black "Tikranian, Alik"]
[Result "1/2-1/2"]
[WhiteElo "2263"]
[BlackElo "2153"]
[PlyCount "52"]
[EventDate "2014.??.??"]
[EventCountry "NED"]
[WhiteTeam "Charlois Europoort V"]
[BlackTeam "Pathena Rotterdam VIII"]
[WhiteTeamCountry "NED"]
[BlackTeamCountry "NED"]
[WhiteClock "1:00:45"]
[BlackClock "0:52:46"]

1. e4 e5 2. Nf3 Nf6 3. Nxe5 d6 4. Nf3 Nxe4 5. Nc3 Nxc3 6. dxc3 Be7 7. Bf4 Nc6
8. Qd2 Be6 9. Nd4 Nxd4 10. cxd4 d5 11. Bd3 Qd7 12. O-O O-O 13. Rfe1 Rfe8 14.
Bf1 a6 15. b3 Rac8 16. Rad1 c5 17. dxc5 Bxc5 18. c4 dxc4 19. Qxd7 Bxd7 20.
Rxe8+ Bxe8 21. Bxc4 Bc6 22. Bd5 Bxd5 23. Rxd5 h6 24. Kf1 Bb4 25. Rd7 b5 26. Rc7
Rxc7 1/2-1/2

[Event "Meesterklasse 2014-2015"]
[Site "?"]
[Date "2014.11.01"]
[Round "2.8"]
[White "Van De Griendt, Jan Willem"]
[Black "Balje, Jan"]
[Result "1-0"]
[WhiteElo "2351"]
[BlackElo "2210"]
[PlyCount "85"]
[EventDate "2014.??.??"]
[EventCountry "NED"]
[WhiteTeam "En Passant III"]
[BlackTeam "Groninger Combinatie"]
[WhiteTeamCountry "NED"]
[BlackTeamCountry "NED"]

1. d4 d5 2. Nf3 Nf6 3. c4 c6 4. e3 a6 5. Nc3 Bf5 6. Be2 e6 7. O-O h6 8. h3 Nbd7
9. Bd3 Bxd3 10. Qxd3 Bd6 11. e4 dxe4 12. Nxe4 Nxe4 13. Qxe4 O-O 14. b3 a5 15.
Rb1 Re8 16. Bb2 Qc7 17. Qc2 b6 18. Rfd1 e5 19. c5 bxc5 20. dxe5 Nxe5 21. Bxe5
Bxe5 22. Qxc5 Bf6 23. Rd2 Be7 24. Qc4 Bb4 25. Rc2 Rad8 26. Nd4 c5 27. Nb5 Qd7
28. a3 Be1 29. Qf1 Rb8 30. Rxc5 Qd2 31. Nc3 Qd6 32. Qc4 Qf6 33. f3 Qg6 34. Ne4
Bg3 35. Rc6 Re6 36. Rxe6 fxe6 37. Rd1 Kh7 38. Nxg3 Qxg3 39. Qxe6 Qc7 40. Qe3
Qc2 41. Qd3+ Qxd3 42. Rxd3 Kg6 43. Kf2 1-0

[Event "Meesterklasse 2014-2015"]
[Site "?"]
[Date "2014.11.01"]
[Round "2.8"]
[White "Van der Poel, Henk"]
[Black "Braun, Christian"]
[Result "1/2-1/2"]
[WhiteElo "2217"]
[BlackElo "2384"]
[PlyCount "151"]
[EventDate "2014.??.??"]
[EventCountry "NED"]
[WhiteTeam "BSG II"]
[BlackTeam "Voerendaal X"]
[WhiteTeamCountry "NED"]
[BlackTeamCountry "NED"]

1. e4 e6 2. d4 d5 3. Nc3 Nf6 4. Bg5 Be7 5. e5 Nfd7 6. Bxe7 Qxe7 7. f4 a6 8. Qg4
f5 9. exf6 Qxf6 10. Nf3 O-O 11. g3 c5 12. Bh3 Nb6 13. Qg5 Qxg5 14. Nxg5 cxd4
15. Ne2 e5 16. fxe5 Bxh3 17. Nxh3 Nc6 18. O-O-O Rae8 19. Nxd4 Rxe5 20. Nf4 Rc8
21. Nxc6 bxc6 22. Rhe1 Rce8 23. Nd3 Re2 24. Rxe2 Rxe2 25. Rd2 Re8 26. b3 a5 27.
Kd1 Kf7 28. Re2 Rxe2 29. Kxe2 Nd7 30. Ke3 Ke6 31. c4 Kd6 32. cxd5 Kxd5 33. Nf4+
Kc5 34. Nd3+ Kd6 35. Kd4 c5+ 36. Kc4 Kc6 37. a3 Nb6+ 38. Kc3 Nd5+ 39. Kd2 Nf6
40. Ne5+ Kd5 41. Nc4 Ng4 42. Nxa5 Nxh2 43. Ke2 Ng4 44. Nc4 Nf6 45. Kf3 Kd4 46.
a4 Kc3 47. a5 Ne8 48. a6 Nc7 49. a7 Kxb3 50. Nb6 c4 51. Ke2 c3 52. Kd1 h5 53.
Kc1 g5 54. Nd5 Na8 55. Nf6 h4 56. gxh4 gxh4 57. Ng4 h3 58. Nh2 Kc4 59. Kc2 Kd4
60. Ng4 Nc7 61. Nh2 Ke3 62. Kc1 Kd3 63. Ng4 Ke2 64. Nh2 Kf2 65. Ng4+ Kg3 66.
Ne3 Kh4 67. Nf1 Kg4 68. Kc2 Kf3 69. Nh2+ Kg2 70. Ng4 Na8 71. Kxc3 Kg3 72. Ne3
Kf3 73. Nf1 Kg2 74. Ne3+ Kf3 75. Nf1 Kg2 76. Ne3+ 1/2-1/2

[Event "Meesterklasse 2014-2015"]
[Site "?"]
[Date "2014.11.01"]
[Round "2.8"]
[White "Wiersma, Eelke"]
[Black "Senders, Mischa"]
[Result "1/2-1/2"]
[WhiteElo "2373"]
[BlackElo "2377"]
[PlyCount "111"]
[EventDate "2014.??.??"]
[EventCountry "NED"]
[WhiteTeam "LSG VI"]
[BlackTeam "HMC Calder VII"]
[WhiteTeamCountry "NED"]
[BlackTeamCountry "NED"]

{600MB, Fritz11.ctg} 1. d4 d5 2. c4 c6 3. Nf3 Nf6 4. Nc3 dxc4 5. a4 Bf5 6. Ne5
Nbd7 7. Nxc4 Nb6 8. Nxb6 Qxb6 9. a5 Qc7 10. a6 b5 11. f3 e5 12. e4 exd4 13.
Qxd4 Rd8 14. Qf2 Qe5 15. Be2 Bc5 16. Be3 Bxe3 17. Qxe3 Qe7 18. O-O O-O 19. Rfc1
Bc8 20. Nd1 Qd7 21. Nf2 Rfe8 22. Qc5 Nd5 23. Qxc6 Qxc6 24. Rxc6 Nb4 25. Rc7
Bxa6 26. Rxa7 Rd2 27. R7xa6 Rxe2 28. Rb6 Rxb2 29. Rxb5 Rd8 30. Rd1 Rc8 31. Rc5
Re8 32. Rdc1 g6 33. Rc8 Rxc8 34. Rxc8+ Kg7 35. h3 Rb1+ 36. Kh2 Rb2 37. Kg3 h5
38. h4 Nc2 39. Nd3 Ra2 40. Rc7 Nd4 41. Ne5 Ne2+ 42. Kh2 Kf6 43. Nxf7 Nf4 44.
Kg3 Ne2+ 45. Kh2 Nf4 46. Nd8 Nxg2 47. Kg3 Ne1 48. f4 Ra3+ 49. Kh2 Nf3+ 50. Kh1
Ra1+ 51. Kg2 Nxh4+ 52. Kg3 Rg1+ 53. Kxh4 Rg4+ 54. Kh3 Rxf4 55. Rc4 g5 56. Nc6
1/2-1/2

[Event "Meesterklasse 2014-2015"]
[Site "?"]
[Date "2014.11.01"]
[Round "2.8"]
[White "Ypma, Peter"]
[Black "Rietveld, Renze"]
[Result "1-0"]
[WhiteElo "2202"]
[BlackElo "2224"]
[PlyCount "55"]
[EventDate "2014.??.??"]
[EventCountry "NED"]
[WhiteTeam "Utrecht IV"]
[BlackTeam "SISSA IX"]
[WhiteTeamCountry "NED"]
[BlackTeamCountry "NED"]

1. d4 d5 2. c4 c6 3. Nf3 Nf6 4. g3 Bf5 5. Nc3 e6 6. Nh4 Bg6 7. Qb3 Qb6 8. c5
Qc7 9. Bf4 Qc8 10. a4 Nbd7 11. Nxg6 hxg6 12. e4 dxe4 13. a5 Be7 14. Bg2 Nd5 15.
Nxe4 Nxf4 16. gxf4 Qc7 17. a6 bxa6 18. Rxa6 Qxf4 19. Qe3 Qxe3+ 20. fxe3 Nb8 21.
Ra3 a6 22. Rb3 f5 23. Nd2 O-O 24. Rb7 Bh4+ 25. Ke2 Rc8 26. Nc4 Bd8 27. Nb6 Bxb6
28. cxb6 1-0

[Event "Meesterklasse 2014-2015"]
[Site "?"]
[Date "2014.11.01"]
[Round "2.9"]
[White "Besseling, Michiel"]
[Black "Maes, Valeer"]
[Result "1/2-1/2"]
[WhiteElo "2209"]
[BlackElo "2153"]
[PlyCount "33"]
[EventDate "2014.??.??"]
[EventCountry "NED"]
[WhiteTeam "Pathena Rotterdam VIII"]
[BlackTeam "Charlois Europoort V"]
[WhiteTeamCountry "NED"]
[BlackTeamCountry "NED"]
[WhiteClock "0:41:03"]
[BlackClock "1:03:21"]

1. d4 d5 2. c4 e6 3. Nc3 Nf6 4. Nf3 Be7 5. Bg5 O-O 6. e3 b6 7. cxd5 Nxd5 8.
Bxe7 Qxe7 9. Rc1 Bb7 10. a3 Rc8 11. Bc4 Nxc3 12. Rxc3 c5 13. d5 exd5 14. Bxd5
Bxd5 15. Qxd5 Nd7 16. O-O Nf6 17. Qe5 1/2-1/2

[Event "Meesterklasse 2014-2015"]
[Site "?"]
[Date "2014.11.01"]
[Round "2.9"]
[White "Ciornei, Dragos"]
[Black "Van Beek, Alexander"]
[Result "1-0"]
[WhiteElo "2127"]
[BlackElo "2326"]
[PlyCount "73"]
[EventDate "2014.??.??"]
[EventCountry "NED"]
[WhiteTeam "Voerendaal X"]
[BlackTeam "BSG II"]
[WhiteTeamCountry "NED"]
[BlackTeamCountry "NED"]

1. e4 e5 2. Nf3 Nc6 3. d4 exd4 4. Nxd4 Nf6 5. Nxc6 bxc6 6. e5 Qe7 7. Qe2 Nd5 8.
c4 Nb6 9. Nc3 g6 10. Bf4 Ba6 11. Qe4 Qb4 12. O-O-O Nxc4 13. Bxc4 Qxc4 14. Rd4
Qe6 15. Rhd1 O-O-O 16. Bg5 Be7 17. Bxe7 Qxe7 18. Ra4 Bb7 19. Rxa7 Qc5 20. Qa4
Kb8 21. Ra5 Qxf2 22. Ne4 Qf4+ 23. Kb1 d5 24. Nc5 Qc4 25. b3 Qc3 26. Rc1 Qxe5
27. Qb4 Qf5+ 28. Kb2 Qc8 29. Na6+ Ka8 30. Nc5+ Kb8 31. Qa4 Rhe8 32. Ra7 Rd6 33.
Rd1 Re2+ 34. Ka3 Rxg2 35. Rd4 Rc2 36. Rb4 Rxc5 37. Ra8# 1-0

[Event "Meesterklasse 2014-2015"]
[Site "?"]
[Date "2014.11.01"]
[Round "2.9"]
[White "Hummel, Erik Jan"]
[Black "Van der Linde, Meindert"]
[Result "1-0"]
[WhiteElo "2291"]
[BlackElo "2118"]
[PlyCount "111"]
[EventDate "2014.??.??"]
[EventCountry "NED"]
[WhiteTeam "SISSA IX"]
[BlackTeam "Utrecht IV"]
[WhiteTeamCountry "NED"]
[BlackTeamCountry "NED"]

1. e4 e5 2. Nf3 Nc6 3. Bc4 Be7 4. O-O d6 5. c3 Nf6 6. d3 O-O 7. Nbd2 Na5 8. Bb5
a6 9. Ba4 c5 10. b4 b5 11. bxa5 bxa4 12. Qxa4 Bd7 13. Qa3 Rb8 14. Nc4 Nh5 15.
Be3 f5 16. Rab1 Be6 17. Rxb8 Qxb8 18. Qb3 Qxb3 19. axb3 Rb8 20. Bg5 Bf8 21. g4
fxg4 22. Nfd2 h6 23. Be3 Nf4 24. Bxf4 exf4 25. Nb6 g5 26. Ndc4 Bg7 27. Rc1 Rd8
28. Nd5 Kf7 29. Ncb6 Rb8 30. b4 Rb7 31. Kf1 f3 32. Nc4 Bf8 33. Ndb6 h5 34. Rb1
cxb4 35. cxb4 h4 36. b5 Ra7 37. bxa6 Rxa6 38. Nd5 Ra7 39. Rb6 Be7 40. Rc6 Rb7
41. Rb6 Ra7 42. a6 Bc8 43. Nb4 d5 44. Ne5+ Ke8 45. Nec6 Ra8 46. a7 Bd6 47. Kg1
dxe4 48. dxe4 g3 49. hxg3 hxg3 50. Rb5 Kd7 51. Rxg5 Bb7 52. Rg7+ Kc8 53. Nd5
gxf2+ 54. Kxf2 Bc5+ 55. Kxf3 Bxa7 56. Rc7# 1-0